000 00621nam a2200181Ia 4500
008 090124s9999 xx 000 0 und d
082 _b125007
100 _aमंगेशकर गीता / बांदोडकर गौरी
245 _a विश्र्वास
250 _a1
260 _c1992
300 _a185
600 _aमंगेशकर गीता / बांदोडकर गौरी
630 _a विश्र्वास
700 _aमंगेशकर गीता / बांदोडकर गौरी
730 _a विश्र्वास
942 _cBOOK
999 _c171097
_d171097